[Event "BEL-ch U16"]
[Site "Houffalize"]
[Date "2009.04.15"]
[Round "4"]
[White "Vandenberghe, Jamie"]
[Black "Van Hille, Siegfried"]
[Result "1/2-1/2"]
[WhiteElo "1209"]
[BlackElo "1256"]
[PlyCount "109"]
[EventDate "2009.04.13"]
[EventType "swiss"]
[EventRounds "9"]
[EventCountry "BEL"]
[SourceTitle "EXT 2012"]
[Source "ChessBase"]
[SourceDate "2011.11.24"]
[SourceVersion "1"]
[SourceVersionDate "2011.11.24"]
[SourceQuality "1"]

1. e4 e5 2. Nf3 Nc6 3. Nc3 Nf6 4. Bb5 d6 5. Bxc6+ bxc6 6. d3 Be7 7. Bg5 h6 8. Be3 Bg4 9. h3 Bh5 10. Qe2 0-0 11. 0-0 Re8 12. Bd2 d5 13. Rfd1 d4 14. Nb1 Rb8 15. b3 Bb4 16. Bxb4 Rxb4 17. c3 dxc3 18. Nxc3 Qd7 19. Qe3 Bxf3 20. Qxf3 Rd8 21. Ne2 Re8 22. Rac1 a5 23. Rd2 a4 24. bxa4 Rxa4 25. Rc5 Qd6 26. Rdc2 Ra6 27. Qg3 Nd7 28. R5c3 Rea8 29. Nc1 c5 30. Qe3 Ra5 31. g3 f6 32. f4 Qd4 33. Qxd4 exd4 34. Rb3 g5 35. Rb7 Rc8 36. Nb3 Raa8 37. Nxc5 Nxc5 38. Rxc5 Rxa2 39. Rcxc7 Ra1+ 40. Kg2 Ra2+ 41. Kf3 Rxc7 42. Rxc7 Rd2 43. fxg5 hxg5 44. Rc8+ Kf7 45. h4 Rxd3+ 46. Kg4 gxh4 47. gxh4 Re3 48. Kf4 Kg6 49. Rc6 Rd3 50. e5 Rd1 51. e6 Re1 52. Kg3 d3 53. h5+ Kh6 54. Kg4 Rf1 55. e7 1/2-1/2

[Event "BEL-ch U16"]
[Site "Houffalize"]
[Date "2009.04.14"]
[Round "3"]
[White "Goebbels, Benoit"]
[Black "Vandenberghe, Jamie"]
[Result "1-0"]
[WhiteElo "1372"]
[BlackElo "1209"]
[PlyCount "115"]
[EventDate "2009.04.13"]
[EventType "swiss"]
[EventRounds "9"]
[EventCountry "BEL"]
[SourceTitle "EXT 2012"]
[Source "ChessBase"]
[SourceDate "2011.11.24"]
[SourceVersion "1"]
[SourceVersionDate "2011.11.24"]
[SourceQuality "1"]

1. d4 d5 2. c4 e6 3. Nc3 Nf6 4. cxd5 exd5 5. Bg5 Be6 6. Qc2 Bb4 7. e3 Nc6 8. Bd3 h6 9. Bh4 Bg4 10. f3 Be6 11. Nge2 Qe7 12. e4 g5 13. Bg3 0-0-0 14. exd5 Bxd5 15. 0-0-0 Be6 16. Nb5 Ba5 17. Bf5 a6 18. Nbc3 Nb4 19. Bxe6+ Qxe6 20. Qa4 Qf5 21. Rd2 Rhe8 22. Rhd1 g4 23. Nf4 Nh5 24. Nfd5 Nxd5 25. Qxa5 Nxg3 26. fxg4 Qe6 27. hxg3 Nxc3 28. bxc3 Qxg4 29. Rd3 Qg5+ 30. Qxg5 hxg5 31. Rf1 Re7 32. Rdf3 Re2 33. R1f2 Rde8 34. Rxf7 Re1+ 35. Kd2 R1e3 36. R7f3 Rxf3 37. gxf3 Rf8 38. f4 gxf4 39. gxf4 Kd7 40. Kd3 Kd6 41. c4 b6 42. a4 c6 43. f5 b5 44. Kc3 bxa4 45. Kb4 c5+ 46. dxc5+ Kc6 47. Kxa4 Kxc5 48. Rf4 Rf6 49. Ka5 Kd6 50. Kb4 Ke5 51. Rf1 Rxf5 52. Rxf5+ Kxf5 53. Ka5 Ke6 54. Kxa6 Kd6 55. Kb6 Kd7 56. c5 Kc8 57. Kc6 Kb8 58. Kd7 1-0